Canciones (cancionero escolar)
Salvato in:
| Autore principale: | |
|---|---|
| Altri autori: | |
| Natura: | Sconosciuto |
| Lingua: | spagnolo |
| Pubblicazione: |
1-Gerona,España
Dalmau Carles, Pla S A
s f
|
| Catalogo: | MANES: Risultati della ricerca del catalogo della biblioteca |
| Libro di testo Classificazione: |
|
| Tags: |
Aggiungi Tag
Nessun Tag, puoi essere il primo ad aggiungerne!!
|
| Aggiunto a: | 2016-04-26 |
MARC
| LEADER | 000000000a22000000004500 | ||
|---|---|---|---|
| 001 | 14217 | ||
| 003 | OSt | ||
| 008 | 160427s sp ||||| |||| 00| 0 spa d | ||
| 041 | 1 | |a spa | |
| 040 | |c centro_manes | ||
| 691 | 7 | |a PRI | |
| 100 | 1 | |a Civil Castellví, Francisco |b Autor de las músicas |9 10065 | |
| 690 | 0 | |a EyL | |
| 700 | 1 | |a Rizo Navarro, Roberto |b Autor de las letras |9 10066 | |
| 245 | 0 | 0 | |a Canciones (cancionero escolar) |
| 260 | 3 | |a 1-Gerona,España |b Dalmau Carles, Pla S A |c s f | |
| 300 | |a 79 p. |c 23 x 16 cm. | ||
| 942 | |2 ddc |c BK | ||
| 999 | |c 20191 |d 20191 | ||
| 999 | |c manes:20191 |d 20191 | ||